Chemical and engineering thermodynamics : Solutions manual /
Guardado en:
| Autor Principal: | |
|---|---|
| Formato: | Libro |
| Idioma: | English |
| Publicado: |
New York :
Wiley,
[1977?]
|
| Materias: | |
| Etiquetas: |
Agregar Etiqueta
Sin Etiquetas, Sea el primero en etiquetar este registro!
|
| LEADER | 00704nam a22001935a 4500 | ||
|---|---|---|---|
| 001 | EIQ.libpla000650 | ||
| 008 | 060419s1977####nyua##########000#0#eng#d | ||
| 005 | 20060419095833.0 | ||
| 245 | 1 | 0 | |a Chemical and engineering thermodynamics : |b Solutions manual / |c Stanley I. Sandler. |
| 260 | |a New York : |b Wiley, |c [1977?] | ||
| 300 | |a 224 p. : |b il. ; |c 28 cm. | ||
| 020 | |a 0471027367 | ||
| 100 | 1 | |a Sandler, Stanley I., |d 1940- | |
| 650 | 4 | |a Termodinámica |x Resolución de problemas. | |
| 650 | 4 | |a Termodinámica |v Manual de soluciones. | |
| 650 | 4 | |a Thermodynamics |x Solving problem. | |
| 650 | 4 | |a Thermodynamics |v Solutions manual. | |
| 040 | |a AR-BbSID |b spa |c AR-BbSID | ||
| 859 | |a AR-BbSID |b BIB. PLAPIQUI |h 541.369 |i Sa 56 |p 5828 | ||
